Principles of microeconomics. / (Record no. 8364)
[ view plain ]
| 000 -LEADER | |
|---|---|
| fixed length control field | 01586cam a2200301 a 4500 |
| 001 - CONTROL NUMBER | |
| control field | 3033590 |
| 003 - CONTROL NUMBER IDENTIFIER | |
| control field | OSt |
| 005 - DATE AND TIME OF LATEST TRANSACTION | |
| control field | 20211222130343.0 |
| 008 - FIXED-LENGTH DATA ELEMENTS--GENERAL INFORMATION | |
| fixed length control field | 950601s1997 nyua 001 0 eng |
| 010 ## - LIBRARY OF CONGRESS CONTROL NUMBER | |
| LC control number | 95022777 |
| 020 ## - INTERNATIONAL STANDARD BOOK NUMBER | |
| International Standard Book Number | 0393926230 |
| 040 ## - CATALOGING SOURCE | |
| Original cataloging agency | DLC |
| Transcribing agency | DLC |
| Modifying agency | DLC |
| 050 00 - LIBRARY OF CONGRESS CALL NUMBER | |
| Classification number | HB172.S86 |
| 082 00 - DEWEY DECIMAL CLASSIFICATION NUMBER | |
| Classification number | 338.5 |
| Edition number | 20 |
| 100 1# - MAIN ENTRY--PERSONAL NAME | |
| Personal name | Stiglitz, Joseph E. |
| 245 10 - TITLE STATEMENT | |
| Title | Principles of microeconomics. / |
| Statement of responsibility, etc. | Joseph E. Stiglitz, Carl E. Walsh |
| 246 3# - VARYING FORM OF TITLE | |
| Title proper/short title | Principles of micro-economics |
| 250 ## - EDITION STATEMENT | |
| Edition statement | 4th ed. |
| 260 ## - PUBLICATION, DISTRIBUTION, ETC. | |
| Place of publication, distribution, etc. | New York : |
| Name of publisher, distributor, etc. | W.W. Norton, |
| Date of publication, distribution, etc. | 2006. |
| 300 ## - PHYSICAL DESCRIPTION | |
| Extent | xxxv, 495, 21 p. : |
| Other physical details | col. ill. ; |
| 500 ## - GENERAL NOTE | |
| General note | Includes index. |
| 505 ## - FORMATTED CONTENTS NOTE | |
| Formatted contents note | Contents: 1. Introduction: Modern economics -- thinking like an economist -- 2. Prefect markets: Demand, supply and price -- Using demand and supply -- The consumption decision -- The firm's costs --The competitive firm -- Labor markets -- Capital markets -- The efficiency of competitive markets -- 3. Imperfect markets: Introduction to imperfect markets: Monopoly, monopolistic competition, and oligopoly -- Government policies toward competition -- Strategic behavior -- Imperfections in the labor market -- 4. Issues in public policy: The public sector -- Environmental economics -- International trade and trade policy -- Technological change -- A student's guide to investing -- |
| 650 #0 - SUBJECT ADDED ENTRY--TOPICAL TERM | |
| Topical term or geographic name entry element | Microeconomics. |
| 700 ## - ADDED ENTRY--PERSONAL NAME | |
| Fuller form of name | Walsh, Carl E. |
| 906 ## - LOCAL DATA ELEMENT F, LDF (RLIN) | |
| a | 7 |
| b | cbc |
| c | orignew |
| d | 1 |
| e | ocip |
| f | 19 |
| g | y-gencatlg |
| 942 ## - ADDED ENTRY ELEMENTS (KOHA) | |
| Source of classification or shelving scheme | Library of Congress Classification |
| Koha item type | Books |
| Withdrawn status | Lost status | Source of classification or shelving scheme | Damaged status | Not for loan | Home library | Current library | Shelving location | Date acquired | Total Checkouts | Full call number | Barcode | Date last seen | Copy number | Price effective from | Koha item type |
|---|---|---|---|---|---|---|---|---|---|---|---|---|---|---|---|
| Library of Congress Classification | WISCONSIN INTERNATIONAL UNIVERSITY COLLEGE, GHANA KUMASI LIBRARY | WISCONSIN INTERNATIONAL UNIVERSITY COLLEGE, GHANA KUMASI LIBRARY | General Stacks | 25/10/2019 | HB172.S86(4e) | K/538/538/19 | 22/12/2021 | 1 | 22/12/2021 | Books | |||||
| Library of Congress Classification | WISCONSIN INTERNATIONAL UNIVERSITY COLLEGE, GHANA KUMASI LIBRARY | WISCONSIN INTERNATIONAL UNIVERSITY COLLEGE, GHANA KUMASI LIBRARY | General Stacks | 25/10/2019 | HB172.S861(4e) | K/539/539/19 | 22/12/2021 | 2 | 22/12/2021 | Books | |||||
| Library of Congress Classification | WISCONSIN INTERNATIONAL UNIVERSITY COLLEGE, GHANA KUMASI LIBRARY | WISCONSIN INTERNATIONAL UNIVERSITY COLLEGE, GHANA KUMASI LIBRARY | General Stacks | 25/10/2019 | HB172.S862(4e) | K/546/546/19 | 24/02/2022 | 3 | 24/02/2022 | Books |
